Food Safety And Quality Control/ (Record no. 192001)

MARC details
000 -LEADER
fixed length control field 00585nam a22001817a 4500
005 - DATE AND TIME OF LATEST TRANSACTION
control field 20230920153601.0
010 ## - LCCN (DPL NO)
LC control number ENG-134981
020 ## - INTERNATIONAL STANDARD BOOK NUMBER
International Standard Book Number 9789352873791
Terms of availability 495.00
035 ## - SYSTEM CONTROL NUMBER
System control number EN-118513
037 ## - SOURCE OF ACQUISITION
Source of stock number/acquisition DBAD/PUB
082 ## - DEWEY DECIMAL CLASSIFICATION NUMBER
Classification number 664
100 ## - MAIN ENTRY--PERSONAL NAME
Personal name Mathur, Pulkit
245 ## - TITLE STATEMENT
Title Food Safety And Quality Control/
Statement of responsibility, etc By Pulkit Mathur
260 ## - PUBLICATION, DISTRIBUTION, ETC. (IMPRINT)
Place of publication, distribution, etc Hyderabad
Name of publisher, distributor, etc Orient Balckswan Private Limited
Date of publication, distribution, etc 2018
270 ## - ADDRESS
Address 3-6-752 Himayatnagar
City Hyderabad
Postal code 500029
Electronic mail address centraloffice@orientblackswan.com
300 ## - PHYSICAL DESCRIPTION
Extent xvii, 303p.
Other physical details Index
Dimensions 24cm(pbk)
942 ## - ADDED ENTRY ELEMENTS (KOHA)
Source of classification or shelving scheme Dewey Decimal Classification
Item type English Books
Classification part 664
Call number suffix MAT
Holdings
Withdrawn status Lost status Not for loan Collection code Home library Current library Date acquired Source of acquisition Cost, normal purchase price Full call number Barcode Copy number Cost, replacement price Koha item type
      Non-fiction D.B.Act.Division Mobile Library 08/09/2022 DBAD/PUB 495.00 664 MAT EN-118513 1 495.00 English Books

© Delhi Public Library
Hit Counter
free hit counter